LEADER 01407nam0 2200301 450 001 000035888 005 20180622130427.0 100 $a20140210d1928----km-y0itaa50------ba 101 0 $aita 102 $aIT 200 1 $aAssicurazione infortuni sul lavoro in agricoltura$etesto coordinato delle disposizioni legislative e regolamentari 210 $aRoma$c<> Luzzatti$d1928 215 $a306 p.$d25 cm. 300 $aIn testa al frontespizio: Associazione enti mutui Assicurazione infortuni agricoli 606 1 $aAssicurazioni contro gli infortuni sul lavoro$xAgricoltura$xLegislazione$yItalia 606 2 $aLavoratori agricoli$xInfortuni 676 $a368.4$v(22. ed.)$9Assicurazioni. Previdenza sociale 676 $a344.45021$v(22. ed.)$9Assicurazioni di responsabilità civile operai 712 02$aAssociazione enti mutui Assicurazione infortuni agricoli 801 0$aIT$bUniversità della Basilicata - B.I.A.$gREICAT$2unimarc 912 $a000035888 996 $aAssicurazione infortuni sul lavoro in agricoltura$9102170 997 $aUNIBAS CAT $aSTD094$b01$c20140210$lBAS01$h1126 CAT $aTTM$b30$c20140228$lBAS01$h0913 CAT $aATR$b20$c20180622$lBAS01$h1304 FMT Z30 -1$lBAS01$LBAS01$mBOOK$1BASA2$APolo Tecnico-Scientifico$2FVIG$BFondo Viggiani$3FVig/41253$641253$5T41253$7Collocato presso la Scuola di Agraria$820140210$f35$FStanza riservata LEADER 01208nam 2200349Ka 450 001 9910694867703321 005 20060302170621.0 035 $a(CKB)5470000002365031 035 $a(OCoLC)64434592 035 $a(EXLCZ)995470000002365031 100 $a20060302d1999 ua 0 101 0 $aeng 181 $ctxt$2rdacontent 182 $cc$2rdamedia 183 $acr$2rdacarrier 200 00$aBASINS technical note 2$b[electronic resource] $eBASINS scripts and extracted data fields 210 1$a[Washington, D.C.] :$cUnited States Environmental Protection Agency, Office of Water,$d[1999] 215 $a13 pages $cdigital, PDF file 300 $aTitle from title screen (viewed on Mar. 2, 2006). 300 $a"March 1999." 300 $a"EPA 823-R-99-001." 517 $aBASINS technical note 2 606 $aReservoirs$xComputer simulation$vHandbooks, manuals, etc 608 $aHandbooks and manuals.$2lcgft 615 0$aReservoirs$xComputer simulation 712 02$aUnited States.$bEnvironmental Protection Agency.$bOffice of Water. 801 0$bGPO 801 1$bGPO 906 $aBOOK 912 $a9910694867703321 996 $aBASINS technical note 2$93424940 997 $aUNINA